Inflácia a jej vplyv na slovenskú ekonomiku

Modelovanie inflácie. Modelovanie inflácie v Slovenskej republike. Hľadanie vhodného matematického modelu, ktorý by popísal infláciu v Slovenskej republike za vymedzené obdobie s použitím viacerých makroekonomických ukazovateľov. Cieľom bolo taktiež nájsť závislosť medzi mierou inflácie a konkrétnym...

Ausführliche Beschreibung

Gespeichert in:
Bibliographische Detailangaben
1. Verfasser: Majerčík, Miroslav
Weitere Verfasser: Bohdalová, Mária
Format: Buchkapitel
Sprache:Slowakisch
Schlagworte:
Tags: Tag hinzufügen
Keine Tags, Fügen Sie das erste Tag hinzu!

MARC

LEADER 00000nla a2200000 4500
001 0195264
005 20240417075052.3
041 0 |a slo 
044 |a CZ 
245 1 0 |a Inflácia a jej vplyv na slovenskú ekonomiku  |c Miroslav Majerčík, Mária Bohdalová 
520 |a Modelovanie inflácie. Modelovanie inflácie v Slovenskej republike. Hľadanie vhodného matematického modelu, ktorý by popísal infláciu v Slovenskej republike za vymedzené obdobie s použitím viacerých makroekonomických ukazovateľov. Cieľom bolo taktiež nájsť závislosť medzi mierou inflácie a konkrétnym ukazovateľom. Jednotlivé modely boli založené na inflačnom koncepte Phillipsovej krivky. 
610 2 0 |a inflácia 
610 2 0 |a modelovanie 
610 2 0 |a Slovensko 
100 1 |a Majerčík, Miroslav 
700 1 |a Bohdalová, Mária